000 00546nam a2200193 4500
003 LK-CoMWRAF
005 20260216003724.0
008 230920b2012 |||||||| |||| 00| 0 eng d
020 _a9789556250466
040 _aLK-CoMWRAF
_dLK-CoMWRAF
_eLK-CoMWRAF
041 _aeng
082 _a340.59
_bBOA
245 _aThe Board of quazis' law reports - with a digest (2009-2010)
260 _aColombo :
_bMuslim Women’s Research and action forum
_c2012
490 _aVolume-v
650 _aQuazis-Law
700 _aBegam, Safana Gul
942 _cBK
999 _c3581
_d3581